Españoles en Rusia

Guardat en:
Dades bibliogràfiques
Autor principal: Miralles, Rafael (autor)
Format: Llibre
Idioma:espanyol
Publicat: Madrid, España EPESA 1947
Matèries:
Etiquetes: Afegir etiqueta
Sense etiquetes, Sigues el primer a etiquetar aquest registre!

MARC

LEADER 00000nam a2200000 a 4500
001 UCI1533
003 CL-VaPUC
005 20220119164418.0
008 070706e19470000SP |||||||||||||||||spa|d
999 |c 326336  |d 326334 
040 |c Pontificia Universidad Católica de Valparaíso 
082 0 4 |a 946 MIR 1947  |2 21 
100 |a Miralles, Rafael  |e autor  |9 522102 
245 1 0 |a Españoles en Rusia 
260 |a Madrid, España  |b EPESA  |c 1947 
300 |a 243 páginas 
583 |a last modification  |c 20111003 06:11:41  |k Rodrigo Vera 
650 0 |a Historia de España  |z RUSIA  |x EMIGRACION  |9 315435 
651 0 |a España  |z RUSIA  |x EMIGRACION  |9 254926 
852 |a BIBCUR 
942 |c BK  |2 ddc 
945 |d 20070706 00:00:00  |a rbrito 
952 |0 0  |1 0  |2 ddc  |4 0  |6 946_000000000000000_MIR_1947  |7 0  |8 X  |9 408182  |a BIBHIS  |b BIBHIS  |d 2019-11-22  |i 421787K  |o 946 MIR 1947  |p 421787K  |r 2024-01-30  |t 1  |w 2019-11-22  |y BK_X  |k HIS